Statistics for Wake Me Up - Avicii (All Lyrics)

Click here to take the quiz!

General Stats

  • This quiz has been taken 866 times
  • The average score is 199 of 247

Answer Stats

Lyrics% Correct
me
99%
me.
99%
wake
98%
up
98%
I
98%
a
98%
when
96%
it's
94%
over,
94%
All
94%
all
94%
my
92%
and
92%
And
92%
So
91%
I'm
91%
know
90%
know.
90%
older.
89%
the
89%
was
87%
time
86%
wiser
85%
this
84%
didn't
83%
to
82%
myself
82%
lost.
81%
but
75%
way
73%
finding
73%
by
72%
darkness,
72%
through
71%
don't
71%
will
70%
where
70%
young
69%
young,
69%
in
69%
that's
68%
that
68%
too
66%
tell
66%
eyes.
66%
start.
66%
Life's
65%
end,
65%
life
65%
heart.
64%
journey
64%
can't
63%
dream.
63%
understand.
63%
is
61%
if
61%
beating
61%
have
61%
fine
60%
They
60%
for
59%
Feeling
59%
open
59%
pass
58%
say
57%
caught
56%
love
55%
guided
54%
world,
54%
of
51%
close
50%
two
50%
not
50%
only
49%
hands.
49%
could
49%
stay
48%
wish
48%
everyone.
48%
game
47%
forever
47%
Well
47%
travel
45%
afraid
45%
any
45%
weight
44%
made
44%
plans.
44%
prize.
42%
tried
41%
carrying
39%
chance
38%
get
37%
hope
35%

Score Distribution

Percentile by Number Answered

Percent of People with Each Score

Your Score History

You have not taken this quiz